000 01098nam a22002537a 4500
005 20090825120337.0
008 090728t xxu||||| |||| 00| 0 pun d
010 _aPUN-6521
020 _c175.00
_a9789350171684
035 _aPN-5639
037 _bDBAD / PUB
040 _adpl
_bpn
082 _a851
100 _924414
_aਭੁੱਲਰ, ਯਾਦਵਿੰਦਰ ਸਿੰਘ
245 _aਚੁੱਪਾਂ ਤਿਡ਼ਕ ਪਈਆਂ /
_cਯਾਦਵਿੰਦਰ ਸਿੰਘ ਭੁੱਲਰ,
246 _aChuppan tirak payian
_bby Yadwinder Singh Bhullar
260 _aਚੰਡੀਗਡ਼
_bਲੋਕਗੀਤ ਪ੍ਰਕਾਸ਼ਨ
_c2010
270 _as.c.o-26-27, Sector-34-A,
_bਚੰਡੀਗਡ਼
_e160022
_k01624-682954, 09781534406
300 4 _a132 ਸਫੇ
_c22 ਸੇਮੀ (ਸਜਿਲੱਦ)
650 _924412
_aਕਵਿਤਾਵਾਂ
650 _aPoems
_924431
942 _2ddc
_cPN
_h851
_mਭੁੱਲਰ
999 _c48906
_d48906